<?xml version="1.0" encoding="UTF-8"?>
<marc:record xmlns:marc="http://www.loc.gov/MARC21/slim">
   <marc:leader>00000nam a2200000 a 4500</marc:leader>
   <marc:datafield ind1="1" ind2=" " tag="100">
      <marc:subfield code="a">Kreuzpaintner, Marco</marc:subfield>
      <marc:subfield code="4">aut</marc:subfield>
      <marc:subfield code="e">Verfasser/-in</marc:subfield>
   </marc:datafield>
   <marc:datafield ind1="1" ind2=" " tag="100">
      <marc:subfield code="a">Nero, Franco</marc:subfield>
   </marc:datafield>
   <marc:datafield ind1="1" ind2=" " tag="100">
      <marc:subfield code="a">Lara, Alexandra Maria</marc:subfield>
   </marc:datafield>
   <marc:datafield ind1="1" ind2=" " tag="100">
      <marc:subfield code="a">Lauterbach, Heiner</marc:subfield>
   </marc:datafield>
   <marc:datafield ind1="1" ind2=" " tag="100">
      <marc:subfield code="a">M'Barek, Elyas</marc:subfield>
   </marc:datafield>
   <marc:datafield ind1="0" ind2="0" tag="245">
      <marc:subfield code="a">Der Fall Collini</marc:subfield>
   </marc:datafield>
   <marc:datafield ind1="0" ind2="0" tag="245">
      <marc:subfield code="c">Marco Kreuzpaintner. Elyas M'Barek ; Heiner Lauterbach ; Alexandra Maria Lara ; Franco Nero</marc:subfield>
   </marc:datafield>
   <marc:datafield ind1=" " ind2="1" tag="264">
      <marc:subfield code="a">München</marc:subfield>
      <marc:subfield code="b">Constantin Film</marc:subfield>
      <marc:subfield code="c">2019</marc:subfield>
   </marc:datafield>
   <marc:datafield ind1="1" ind2=" " tag="520">
      <marc:subfield code="a">Anwalt Caspar Leinen (Elyas M'Barek) gerät über eine Pflichtverteidigung an einen spektakulären Fall: Der 70-jährige Italiener Fabrizio Collini (Franco Nero) tötet anscheinend grundlos den Großindustriellen Hans Meyer (Manfred Zapatka) und schweigt beharrlich zu seinem Motiv. Für Caspar steht nun weit mehr auf dem Spiel als sein erster großer Fall als Strafverteidiger. Das Opfer ist der Großvater seiner Jugendliebe Johanna (Alexandra Maria Lara). Zudem hat er mit der Strafverteidiger-Legende Richard Mattinger (Heiner Lauterbach) einen Gegner, der ihm haushoch überlegen scheint.</marc:subfield>
   </marc:datafield>
   <marc:datafield ind1=" " ind2=" " tag="041">
      <marc:subfield code="a">ger</marc:subfield>
   </marc:datafield>
</marc:record>
